书目信息 |
| 题名: |
毛泽东与周恩来
|
|
| 作者: | 聂月岩 著 | |
| 分册: | ||
| 出版信息: | 北京 中央文献出版社 2005.01 |
|
| 页数: | [8], 322页, [4] 页图版 | |
| 开本: | 21cm | |
| 丛书名: | ||
| 单 册: | ||
| 中图分类: | A752 | |
| 科图分类: | ||
| 主题词: | 政治家--生平事迹--中国--现代 | |
| 电子资源: | ||
| ISBN: | 7-5073-1773-0 | |
| 000 | 00875nam0 2200253 450 | |
| 001 | 0159049686 | |
| 005 | 20050901035547.59 | |
| 010 | @a7-5073-1773-0@dCNY25.00 | |
| 100 | @a20050329d2005 km y0chiy0120 ea | |
| 101 | 0 | @achi |
| 102 | @aCN@b110000 | |
| 105 | @aaf z 000yc | |
| 200 | 1 | @a毛泽东与周恩来@Amao ze dong yu zhou en lai@f聂月岩著@Fnie yue yan zhu |
| 210 | @a北京@c中央文献出版社@d2005.01 | |
| 215 | @a[8], 322页, [4] 页图版@c图@d21cm | |
| 330 | @a本书是一本关于毛泽东与周恩来两位伟人生平事迹的书籍,内容包括:相逢羊城、九月来信、毛泽东是军事方面领导我们最合格的领导人等。 | |
| 333 | @a历史爱好者、普通读者 | |
| 600 | 0 | @a周恩来@x1898-1976@x生平事迹 |
| 600 | 0 | @a毛泽东,@f1893-1976@x生平事迹 |
| 606 | 0 | @a政治家@x生平事迹@y中国@z现代 |
| 690 | @aA752@v4 | |
| 701 | 0 | @a聂月岩@Anie yue yan@4著 |
| 801 | 0 | @aCN@bQSSK@c20050901 |
| 905 | @a10447@dA752@eN598 | |
| 毛泽东与周恩来/聂月岩著.-北京:中央文献出版社,2005.01 |
| [8], 322页, [4] 页图版:图;21cm |
| 使用对象:历史爱好者、普通读者 |
| ISBN 7-5073-1773-0:CNY25.00 |
| 本书是一本关于毛泽东与周恩来两位伟人生平事迹的书籍,内容包括:相逢羊城、九月来信、毛泽东是军事方面领导我们最合格的领导人等。 |
| ● |
| 相关链接 |
|
|
|
正题名:毛泽东与周恩来
索取号:A752/N598
 
预约/预借
| 序号 | 登录号 | 条形码 | 馆藏地/架位号 | 状态 | 备注 |
| 1 | 566785 | 205667857 | 社科库509/509社科库 3排1列3层/ [索取号:A752/N598] | 在馆 | |
| 2 | 566786 | 205667866 | 社科库509/509社科库 3排1列3层/ [索取号:A752/N598] | 在馆 | |
| 3 | 566787 | 205667875 | 社科库509/509社科库 3排1列3层/ [索取号:A752/N598] | 在馆 |